000
00299nam a22001337a 4500
008
181101b xxu||||| |||| 00| 0 eng d
020
_a
9780071777490
041
_a
eng
080
_a
573
100
_a
11
101
_a
BIO
245
_a
Molecular and Cell Biology
_c
Stansfield,W
942
_2
udc
_c
BK
999
_c
51422
_d
51422